000 00298nam a22001337a 4500
008 170802b xxu||||| |||| 00| 0 eng d
020 _a0948507993
041 _aeng
080 _a004
100 _a32
101 _aSHK
245 _aCOMPUTER INTEGRATED MANUFACTURING
_cPUENTE,E
942 _2udc
_cBK
999 _c22466
_d22466